| 000 | 00831nam a2200205Ii 4500 | ||
|---|---|---|---|
| 003 | JO-AjNU | ||
| 008 | 230605s9999||||xx |||||||||||||| ||und|| | ||
| 017 | _a2013/10/3824 | ||
| 040 |
_aJO-AjNU _bara _erda _cJO-AjNU |
||
| 041 | _aara | ||
| 050 | 1 | 4 | _aHQ1729.L35.2013 |
| 100 | 3 |
_aاللجنة الوطنية الأردنية لشؤون المرأة, _eauthor _946112 |
|
| 245 | 0 | 0 | _aالاستراتيجية الوطنية للمرأة الأردنية( 2013-2017) التوجيهات والملامح العامة |
| 264 | 3 | 1 | _aعمان: اللجنة الوطنية الأردنية لشؤون المرأة، 2013 |
| 300 | _a32ص | ||
| 336 |
_atext _btxt _2rdacontent |
||
| 337 |
_aunmediated _bn _2rdamedia |
||
| 338 |
_avolume _bnc _2rdacarrier |
||
| 650 | 4 |
_aالمرأة -- الاردن -- احوال اجتماعية _946113 |
|
| 999 |
_aA20037 _c23605 _d23605 |
||